| 000 | 005050000a22001930004500 | ||
|---|---|---|---|
| 001 | 004123 | ||
| 003 | MACL | ||
| 005 | 20151015143407.0 | ||
| 008 | 151015b xxu||||| |||| 00| 0 eng d | ||
| 040 |
_aMACL _cMACL |
||
| 041 | _aEnglish | ||
| 082 | _a921/KRI | ||
| 100 |
_aKrishnamurti, J _94788 |
||
| 245 |
_aEducation And The Significance Of Life _cJ Krishnamurti |
||
| 260 |
_aPondicherry _c1997 _bKrishna murti Foundation India, |
||
| 350 | _a50 | ||
| 650 |
_aBiography _915020 |
||
| 942 |
_k921 _cBK _2ddc |
||
| 999 |
_c16014 _d16014 |
||